Estadísticas para Provincias de España

Haz click aquí para tomar la prueba!

Estadísticas generales

  • Esta prueba ha sido tomada 57 veces
    (49 desde el último reinicio)
  • La puntuación promedio es 46 de 52

Estadísticas de respuestas

Respuesta% Correcto
Barcelona
100%
Madrid
100%
Girona
97%
Zaragoza
95%
Sevilla
95%
Málaga
95%
Granada
95%
La Rioja
95%
Badajoz
95%
A Coruña
92%
León
92%
Huesca
92%
Alicante
92%
Murcia
92%
Jaén
92%
Tarragona
92%
Teruel
92%
Cádiz
92%
Cáceres
92%
Valencia
92%
Albacete
90%
Segovia
90%
Salamanca
90%
Pontevedra
90%
Lleida
90%
Santa Cruz de Tenerife
90%
Lugo
90%
Córdoba
90%
Asturias
90%
Burgos
87%
Vizcaya
87%
Valladolid
87%
Álava
87%
Ourense
87%
Toledo
85%
Ávila
85%
Ciudad Real
85%
Navarra
85%
Palencia
85%
Guadalajara
85%
Zamora
85%
Huelva
85%
Cantabria
82%
Baleares
82%
Cuenca
82%
Castellón
82%
Soria
82%
Almería
79%
Guipúzcoa
77%
Las Palmas
77%
Ceuta
69%
Melilla
67%

Distribución de puntuación

Porcentaje por número respondido

Porcentaje de gente con cada puntuación

Historial de tus puntuaciones

No has tomado esta prueba desde el último reinicio